MARC details
| 000 -CABECERA |
| campo de control de longitud fija |
01899nam a2200325 4500 |
| 003 - IDENTIFICADOR DEL NÚMERO DE CONTROL |
| campo de control |
EC-UNACH |
| 005 - FECHA Y HORA DE LA ÚLTIMA TRANSACCIÓN |
| campo de control |
20260402172700.0 |
| 006 - CÓDIGOS DE INFORMACIÓN DE LONGITUD FIJA--CARACTERÍSTICAS DEL MATERIAL ADICIONAL |
| campo de control de longitud fija |
s||||gr|||| 00| 00 |
| 008 - DATOS DE LONGITUD FIJA--INFORMACIÓN GENERAL |
| campo de control de longitud fija |
150116t9999 mx r gr 000 0 spa d |
| 020 ## - NÚMERO INTERNACIONAL ESTÁNDAR DEL LIBRO |
| Número Internacional Estándar del Libro |
978-607-15-2227-6 |
| 040 ## - FUENTE DE LA CATALOGACIÓN |
| Centro catalogador/agencia de origen |
EC-UNACH |
| Centro/agencia transcriptor |
EC-UNACH |
| 041 ## - CÓDIGO DE LENGUA |
| Código de lengua del texto/banda sonora o título independiente |
spa |
| 082 04 - NÚMERO DE LA CLASIFICACIÓN DECIMAL DEWEY |
| Número de edición |
23 |
| Número de clasificación |
658.872 |
| Número de documento/Ítem |
L017525 |
| 100 ## - ENTRADA PRINCIPAL--NOMBRE DE PERSONA |
| Nombre de persona |
Raj Sachdev |
| 245 ## - MENCIÓN DE TÍTULO |
| Título |
Marketing digital. |
| 250 ## - MENCIÓN DE EDICIÓN |
| Mención de edición |
Primera edición |
| 264 ## - Producción, publicación, distribución, fabricación y copyright |
| Lugar de producción, publicación, distribución, fabricación |
Ciudad de México |
| Nombre del de productor, editor, distribuidor, fabricante |
McGRAW-HILL INTERAMERICANA EDITORES, S.S DE C.V. |
| Fecha de de producción, publicación, distribución, fabricación o copyright |
2024 |
| 300 ## - DESCRIPCIÓN FÍSICA |
| Extensión |
XIII, 430 páginas |
| Otras características físicas |
ilustraciones |
| Dimensiones |
24 cm |
| 505 ## - NOTA DE CONTENIDO CON FORMATO |
| Nota de contenido con formato |
Introducción al marketing digital. -- Estrategias digitales. -- SEO y SEM. -- Marketing en redes sociales. -- Analítica web. -- Comercio electrónico. -- Tendencias digitales.<br/> |
| 520 ## - SUMARIO, ETC. |
| Sumario, etc. |
Este libro presenta una visión integral del marketing digital, abordando las principales estrategias, herramientas y plataformas utilizadas en entornos digitales contemporáneos. Analiza el comportamiento del consumidor en línea, el posicionamiento en motores de búsqueda (SEO/SEM), el uso de redes sociales como canales de comunicación y promoción, así como la importancia de la analítica web para la toma de decisiones. Además, examina el comercio electrónico y las tendencias emergentes en marketing digital, proporcionando ejemplos prácticos y enfoques aplicados. La obra está orientada a estudiantes, profesionales y emprendedores interesados en desarrollar competencias en marketing digital y adaptarse a los cambios tecnológicos del mercado actual. |
| 650 ## - PUNTO DE ACCESO ADICIONAL DE MATERIA--TÉRMINO DE MATERIA |
| Término de materia o nombre geográfico como elemento inicial |
Marketing digital |
| 650 ## - PUNTO DE ACCESO ADICIONAL DE MATERIA--TÉRMINO DE MATERIA |
| Término de materia o nombre geográfico como elemento inicial |
Comercio electrónico |
| 650 ## - PUNTO DE ACCESO ADICIONAL DE MATERIA--TÉRMINO DE MATERIA |
| Término de materia o nombre geográfico como elemento inicial |
Publicidad en Internet |
| 650 ## - PUNTO DE ACCESO ADICIONAL DE MATERIA--TÉRMINO DE MATERIA |
| Término de materia o nombre geográfico como elemento inicial |
Redes sociales en marketing |
| 650 ## - PUNTO DE ACCESO ADICIONAL DE MATERIA--TÉRMINO DE MATERIA |
| Término de materia o nombre geográfico como elemento inicial |
Comportamiento del consumidor en línea |
| 942 ## - ELEMENTOS DE PUNTO DE ACCESO ADICIONAL (KOHA) |
| Fuente del sistema de clasificación o colocación |
Clasificación Decimal Dewey |
| Tipo de ítem Koha |
Libros |
| 999 ## - NÚMEROS DE CONTROL DE SISTEMA (KOHA) |
| Koha biblionumber |
14487 |